|
|
|
|
| LEADER |
01695nam a2200445 a 4500 |
| 001 |
000532922 |
| 003 |
CZ BrMZK |
| 005 |
20190812184759.0 |
| 007 |
ta |
| 008 |
010907s2000 xr e f cze d |
| 015 |
|
|
|a cnb000886451
|
| 020 |
|
|
|a 80-7226-307-2
|
| 035 |
|
|
|a (OCoLC)45491651
|
| 040 |
|
|
|a BOA001
|b cze
|
| 072 |
|
7 |
|a 004.4/.6
|x Programování. Software
|2 Konspekt
|9 23
|
| 080 |
|
|
|a 004.451.9Linux
|2 MRF
|
| 080 |
|
|
|a 004.451
|2 MRF
|
| 080 |
|
|
|a (035)
|2 MRF
|
| 100 |
1 |
|
|a Stones, Richard
|7 xx0015043
|4 aut
|
| 245 |
1 |
0 |
|a Linux :
|b začínáme programovat /
|c Richard Stones, Neil Matthew
|
| 250 |
|
|
|a Vyd. 1.
|
| 260 |
|
|
|a Praha :
|b Computer Press,
|c 2000
|
| 300 |
|
|
|a xxxviii, 897 s. :
|b il. ;
|c 22 cm
|
| 490 |
1 |
|
|a Programování
|
| 490 |
1 |
|
|a Profi
|
| 500 |
|
|
|a Dostupné též v digitální podobě v aplikaci Kramerius
|
| 504 |
|
|
|a Obsahuje bibliografii
|
| 650 |
0 |
7 |
|a Linux (operační systém)
|7 ph117043
|2 czenas
|
| 650 |
0 |
7 |
|a operační systémy
|7 ph115593
|2 czenas
|
| 655 |
|
7 |
|a příručky
|7 fd133209
|2 czenas
|
| 700 |
1 |
|
|a Matthew, Neil
|7 mzk2009492002
|4 aut
|
| 765 |
0 |
|
|t Beginning Linux programming
|
| 830 |
|
0 |
|a Programování
|0 s
|
| 830 |
|
0 |
|a Profi
|0 s
|
| 856 |
4 |
1 |
|u http://www.digitalniknihovna.cz/mzk/uuid/uuid:c558b3e0-d20e-11e8-bbaa-005056827e52
|y Digitalizovaný dokument
|x NDK
|
| 910 |
|
|
|a BOA001
|b 2-1077.243
|
| 990 |
|
|
|a BK
|
| 996 |
6 |
|
|b 2610121522
|c 2-1077.243
|l MZK
|r Sklad / do 1 hodiny
|n 3
|p p.v.
|w 000532922
|u 000010
|a 1
|e BOA001
|j MZK50
|s P
|
| 996 |
7 |
|
|b 2610121523
|c 2-1077.243
|l MZK
|r Sklad / do 1 hodiny
|n 53
|p kup
|w 000532922
|u 000020
|a 1
|e BOA001
|j MZK50
|s A
|
| 996 |
7 |
|
|b 2610176564
|c 2-1077.243
|l MZK
|r Sklad / do 1 hodiny
|n 3
|p kup
|w 000532922
|u 000030
|a 1
|e BOA001
|j MZK50
|s A
|